JTEC/WTEC annual report and program summary 1993/94
Uloženo v:
| Hlavní autor: | |
|---|---|
| Médium: | Kniha |
| Jazyk: | Undetermined |
| Vydáno: |
Baltimore
International Technology Research Institute
1994
|
| Témata: | |
| Tagy: |
Přidat tag
Žádné tagy, Buďte první, kdo otaguje tento záznam!
|
| Thư viện lưu trữ: | Trung tâm Học liệu Trường Đại học Cần Thơ |
|---|
| LEADER | 00562nam a2200193Ia 4500 | ||
|---|---|---|---|
| 001 | CTU_99167 | ||
| 008 | 210402s9999 xx 000 0 und d | ||
| 082 | |a 338.4 | ||
| 082 | |b H727/1994 | ||
| 100 | |a Holdrdge, Geoffrey M. | ||
| 245 | 0 | |a JTEC/WTEC annual report and program summary 1993/94 | |
| 245 | 0 | |c Geoffrey M. Holdrdge | |
| 260 | |a Baltimore | ||
| 260 | |b International Technology Research Institute | ||
| 260 | |c 1994 | ||
| 650 | |a Technology transfer | ||
| 650 | |z Japan | ||
| 904 | |i Giang | ||
| 980 | |a Trung tâm Học liệu Trường Đại học Cần Thơ | ||